Rayabhagada rahassya ratri (Record no. 135491)

MARC details
000 -LEADER
fixed length control field 01743nam a2200241Ia 4500
003 - CONTROL NUMBER IDENTIFIER
control field OSt
005 - DATE AND TIME OF LATEST TRANSACTION
control field 20251117121214.0
008 - FIXED-LENGTH DATA ELEMENTS--GENERAL INFORMATION
fixed length control field 210210b2008 xxu||||| |||| 00| 0 eng d
040 ## - CATALOGING SOURCE
Transcribing agency AL
041 ## - LANGUAGE CODE
Language code of text/sound track or separate title Kannada
082 ## - DEWEY DECIMAL CLASSIFICATION NUMBER
Classification number K894.301 JOGR
100 ## - MAIN ENTRY--PERSONAL NAME
Personal name Jogi
Dates associated with a name ಜೋಗಿ
9 (RLIN) 245914
245 ## - TITLE STATEMENT
Title Rayabhagada rahassya ratri
Remainder of title ರಾಯಭಾಗದ ರಹಸ್ಯ ರಾತ್ರಿ
260 ## - PUBLICATION, DISTRIBUTION, ETC.
Place of publication, distribution, etc. Bengaluru
Name of publisher, distributor, etc. Ankita Pustaka
Date of publication, distribution, etc. 2008
300 ## - PHYSICAL DESCRIPTION
Extent 106
520 ## - SUMMARY, ETC.
Summary, etc. ಇವತ್ತಿನ ಮಕ್ಕಳಿಗೆ ದೆವ್ವಗಳೆಂದರೆ ಟೀವಿ ಸೀರಿಯಲ್ಲುಗಳಲ್ಲಿ, ಸಿನಿಮಾಗಳಲ್ಲಿ ಕಾಣುವ ಸಂಗತಿಗಳಾಗಿ ಉಳಿದಿವೆ. ಹಳ್ಳಿಗಳಲ್ಲೂ ಅಷ್ಟಾಗಿ ದೆವ್ವಗಳಿದ್ದಂತಿಲ್ಲ. ನಾವೆಲ್ಲ ಬುದ್ಧಿವಂತರೂ ತರ್ಕಬದ್ಧವಾಗಿ ಯೋಚಿಸಬಲ್ಲವರೂ ಜಾಣರೂ ಆದ ಮೇಲೆ ದೆವ್ವಗಳೆಲ್ಲ ಅಸ್ತಿತ್ವ ಕಳಕೊಂಡು ಬಿಟ್ಟಿವೆ.<br/><br/>ಆದರೆ ದೆವ್ವಗಳ ಕತೆಗಳಲ್ಲಿ ಇರುವ ಕುತೂಹಲವನ್ನು ಓದಿದವರೇ ಬಲ್ಲರು. ಇಲ್ಲಿ ಜೋಗಿಯವರು ಬರೆದ ಆರೇಳು ದೆವ್ವದ ಕತೆಗಳಿವೆ. ಒಂದೆರಡು ಬೇಟೆಯ ಕತೆಗಳಿವೆ. ನಿಮಗೆ ದೆವ್ವದ ಕತೆಗಳು ಇಷ್ಟವಾದರೆ ನೀವಿದನ್ನು ಓದಲೇಬೇಕು
650 ## - SUBJECT ADDED ENTRY--TOPICAL TERM
Topical term or geographic name entry element Rayabhagada
9 (RLIN) 245915
650 ## - SUBJECT ADDED ENTRY--TOPICAL TERM
Topical term or geographic name entry element ratri
9 (RLIN) 245916
650 ## - SUBJECT ADDED ENTRY--TOPICAL TERM
Topical term or geographic name entry element rahassya
9 (RLIN) 245917
690 ## - LOCAL SUBJECT ADDED ENTRY--TOPICAL TERM (OCLC, RLIN)
Topical term or geographic name as entry element Kannada Fiction
9 (RLIN) 245918
906 ## - LOCAL DATA ELEMENT F, LDF (RLIN)
a 063117
942 ## - ADDED ENTRY ELEMENTS (KOHA)
Source of classification or shelving scheme Dewey Decimal Classification
Koha item type Book
Holdings
Withdrawn status Lost status Source of classification or shelving scheme Damaged status Not for loan Collection code Home library Current library Shelving location Date acquired Source of acquisition Cost, normal purchase price Total Checkouts Full call number Barcode Date last seen Price effective from Koha item type
    Dewey Decimal Classification     Kannada St Aloysius Library St Aloysius Library   02/17/2021 Athree book centre 70.00   K894.301 JOGR 063117 02/17/2021 02/17/2021 Book